MARC

LEADER 00000nam0a2200000 4500
001 310847
005 20231102002328.0
035 |a (RuTPU)RU\TPU\book\336200 
090 |a 310847 
100 |a 20151130d1982 km y0rusy50 ca 
101 0 |a rus 
102 |a RU 
105 |a a z 000zy 
200 1 |a Родина награждает отважных  |f Центральный музей Вооруженных Сил СССР ; сост. В. А. Богданович, И. П. Головенко 
210 |a Москва  |c [Б. и.]  |d 1982 
215 |a 64 с.  |c ил. 
606 1 |a Награды государственные  |2 stltpush  |3 (RuTPU)RU\TPU\subj\52459  |9 70890 
606 1 |a Вооруженные силы  |x СССР  |x Россия  |2 stltpush  |3 (RuTPU)RU\TPU\subj\3695  |9 32073 
610 1 |a ордена 
610 1 |a медали 
610 1 |a почетные звания 
610 1 |a герои войны 
610 1 |a трудовой героизм 
686 |a Т221  |v LBC/SL-A  |2 rubbk 
686 |a Ц4,6(2)  |v LBC/SL-A  |2 rubbk 
702 1 |a Богданович  |b В. А.  |4 220 
702 1 |a Головенко  |b И. П.  |4 220 
712 0 2 |a Центральный музей Вооруженных Сил СССР  |2 stltpush  |3 (RuTPU)RU\TPU\col\26477 
801 1 |a RU  |b 63413507  |c 20151130 
801 2 |a RU  |b 63413507  |c 20191118  |g RCR 
942 |c BK